000 00635nam a22002057a 4500
005 20251108171036.0
008 250721s1999 xx 000 0 ara d
082 1 4 _aط/612.86/بدو
100 1 _aالبدوي، خليل
_eمؤلف
245 1 0 _aالأنف و الشم /
264 1 _aعمان :
_bدار عالم الثقافة للنشر،
_c1999.
300 _a16ص.
490 0 _aموسوعة دائرة المعارف : سلسلة الحواس
_v3
650 1 7 _aالانف
650 1 7 _aالشم
650 1 7 _aأعضاء الشم
653 _aناشئون صغار (10-14) سنة
942 _2ddc
_cBK
999 _c55102
_d55102